Datum a čas kvízu
22.5
Celkem bodů
Celkový počet nahraných bodů na tomto kvízu bez doplňovacích otázek.
12.
Pořadí na kvízu
Konečné umístění týmu na tomto kvízu.
Zaznamenané odpovědi
| # | Otázka | Odpověď | Body | Výsledky |
|---|---|---|---|---|
| 1. | Jiří Langmajer, Zdislava Pokor... | Hejt není názor | 0 | |
| 2. | K čemu vybídl syn Joea Bidena... | C | 0 | |
| 3. | Kterému rapperovi byl zakázán... | Kanyemu Westovi | 1 | |
| 4. | Kterému živočichovi, jenž pomá... | A | 1 | |
| 5. | Který úspěšný plavec se stal m... | David Kratochvíl | 0 | |
| 6. | Vaším prvním úkolem v dnešním... | 1D 2B 3A 4C | 0 | |
| 7. | Poznejte (parodii na) gangster... | Někdo to rád horké (Some Like It Hot) | 0 | |
| 8. | Italští herci Carlo Pedersoli... | Bud Spencer a Terence Hill | 0 | |
| 9. | Gangster, na kterého se ptáme,... | Jabba Hutt | 0 | |
| 10. | Uveďte jméno i příjmení postav... | John Wick | 0 |